000
00203nam a2200109Ia 4500
100
_a
MORTON/H.V.
942
_c
BK
245
_a
A STRANGER IN SPAIN.
260
_b
#N/A
546
_a
ENGLISH
999
_c
35702
_d
35702